<?xml version="1.0" encoding="UTF-8"?>
<record
    xmlns:xsi="http://www.w3.org/2001/XMLSchema-instance"
    xsi:schemaLocation="http://www.loc.gov/MARC21/slim http://www.loc.gov/standards/marcxml/schema/MARC21slim.xsd"
    xmlns="http://www.loc.gov/MARC21/slim">

  <leader>00366nam a22001577a 4500</leader>
  <controlfield tag="003">SGT</controlfield>
  <datafield tag="020" ind1=" " ind2=" ">
    <subfield code="a">978-93-82219-05-7</subfield>
  </datafield>
  <datafield tag="082" ind1=" " ind2=" ">
    <subfield code="a">610.734</subfield>
    <subfield code="b">P15P</subfield>
  </datafield>
  <datafield tag="100" ind1=" " ind2=" ">
    <subfield code="a">PARK, K. </subfield>
  </datafield>
  <datafield tag="245" ind1=" " ind2=" ">
    <subfield code="a">PARK'S TB. OF PREVENTIVE AND SOCIAL MEDICINE </subfield>
  </datafield>
  <datafield tag="250" ind1=" " ind2=" ">
    <subfield code="a">23RD </subfield>
  </datafield>
  <datafield tag="260" ind1=" " ind2=" ">
    <subfield code="a">INDIA </subfield>
    <subfield code="b">BHANAT </subfield>
    <subfield code="c">2015</subfield>
  </datafield>
  <datafield tag="300" ind1=" " ind2=" ">
    <subfield code="a">936</subfield>
  </datafield>
  <datafield tag="650" ind1=" " ind2=" ">
    <subfield code="a">COMMUNITY MEDICINE </subfield>
  </datafield>
  <datafield tag="942" ind1=" " ind2=" ">
    <subfield code="2">ddc</subfield>
    <subfield code="c">BK</subfield>
    <subfield code="0">9</subfield>
  </datafield>
  <datafield tag="952" ind1=" " ind2=" ">
    <subfield code="0">0</subfield>
    <subfield code="1">0</subfield>
    <subfield code="2">ddc</subfield>
    <subfield code="4">0</subfield>
    <subfield code="7">0</subfield>
    <subfield code="8">NURSING</subfield>
    <subfield code="a">FM</subfield>
    <subfield code="b">FM</subfield>
    <subfield code="c">TXT</subfield>
    <subfield code="d">2017-02-13</subfield>
    <subfield code="e">ABC </subfield>
    <subfield code="g">1100.00</subfield>
    <subfield code="i">SGTU</subfield>
    <subfield code="l">25</subfield>
    <subfield code="o">610.734 P15P</subfield>
    <subfield code="p">FN3371</subfield>
    <subfield code="r">2025-01-20 00:00:00</subfield>
    <subfield code="s">2025-01-03</subfield>
    <subfield code="w">2016-11-04</subfield>
    <subfield code="y">BK</subfield>
    <subfield code="k">7429</subfield>
  </datafield>
  <datafield tag="952" ind1=" " ind2=" ">
    <subfield code="0">0</subfield>
    <subfield code="1">0</subfield>
    <subfield code="2">ddc</subfield>
    <subfield code="4">0</subfield>
    <subfield code="7">0</subfield>
    <subfield code="8">NURSING</subfield>
    <subfield code="a">FM</subfield>
    <subfield code="b">FM</subfield>
    <subfield code="c">TXT</subfield>
    <subfield code="d">2017-02-13</subfield>
    <subfield code="e">ABC </subfield>
    <subfield code="g">1100.00</subfield>
    <subfield code="i">SGTU</subfield>
    <subfield code="l">41</subfield>
    <subfield code="o">610.734 P15P</subfield>
    <subfield code="p">FN3372</subfield>
    <subfield code="r">2023-05-04 00:00:00</subfield>
    <subfield code="s">2023-05-03</subfield>
    <subfield code="w">2016-11-04</subfield>
    <subfield code="y">BK</subfield>
    <subfield code="k">7429</subfield>
  </datafield>
  <datafield tag="952" ind1=" " ind2=" ">
    <subfield code="0">0</subfield>
    <subfield code="1">0</subfield>
    <subfield code="2">ddc</subfield>
    <subfield code="4">0</subfield>
    <subfield code="7">0</subfield>
    <subfield code="8">NURSING</subfield>
    <subfield code="a">FM</subfield>
    <subfield code="b">FM</subfield>
    <subfield code="c">TXT</subfield>
    <subfield code="d">2017-02-13</subfield>
    <subfield code="e">ABC </subfield>
    <subfield code="g">1100.00</subfield>
    <subfield code="i">SGTU</subfield>
    <subfield code="l">18</subfield>
    <subfield code="o">610.734 P15P</subfield>
    <subfield code="p">FN3373</subfield>
    <subfield code="r">2024-09-25 00:00:00</subfield>
    <subfield code="s">2024-09-09</subfield>
    <subfield code="w">2016-11-04</subfield>
    <subfield code="y">BK</subfield>
    <subfield code="k">7429</subfield>
  </datafield>
  <datafield tag="952" ind1=" " ind2=" ">
    <subfield code="0">0</subfield>
    <subfield code="1">0</subfield>
    <subfield code="2">ddc</subfield>
    <subfield code="4">0</subfield>
    <subfield code="7">0</subfield>
    <subfield code="8">NURSING</subfield>
    <subfield code="a">FM</subfield>
    <subfield code="b">FM</subfield>
    <subfield code="c">TXT</subfield>
    <subfield code="d">2017-02-13</subfield>
    <subfield code="e">ABC </subfield>
    <subfield code="g">1100.00</subfield>
    <subfield code="i">SGTU</subfield>
    <subfield code="l">26</subfield>
    <subfield code="o">610.734 P15P</subfield>
    <subfield code="p">FN3374</subfield>
    <subfield code="r">2024-09-25 00:00:00</subfield>
    <subfield code="s">2024-09-12</subfield>
    <subfield code="w">2016-11-04</subfield>
    <subfield code="y">BK</subfield>
    <subfield code="k">7429</subfield>
  </datafield>
  <datafield tag="952" ind1=" " ind2=" ">
    <subfield code="0">0</subfield>
    <subfield code="1">0</subfield>
    <subfield code="2">ddc</subfield>
    <subfield code="4">0</subfield>
    <subfield code="7">0</subfield>
    <subfield code="8">NURSING</subfield>
    <subfield code="a">FM</subfield>
    <subfield code="b">FM</subfield>
    <subfield code="c">TXT</subfield>
    <subfield code="d">2017-02-13</subfield>
    <subfield code="e">ABC </subfield>
    <subfield code="g">1100.00</subfield>
    <subfield code="i">SGTU</subfield>
    <subfield code="l">31</subfield>
    <subfield code="o">610.734 P15P</subfield>
    <subfield code="p">FN3375</subfield>
    <subfield code="r">2025-04-04 00:00:00</subfield>
    <subfield code="s">2025-04-04</subfield>
    <subfield code="w">2016-11-04</subfield>
    <subfield code="y">BK</subfield>
    <subfield code="k">7429</subfield>
  </datafield>
  <datafield tag="999" ind1=" " ind2=" ">
    <subfield code="c">10926</subfield>
    <subfield code="d">10926</subfield>
  </datafield>
</record>
